Normal view
MARC view
Entry Personal Name
001 - CONTROL NUMBER
- control field: 82290
003 - CONTROL NUMBER IDENTIFIER
- control field: dpl
005 - DATE AND TIME OF LATEST TRANSACTION
- control field: 20250624125450.0
008 - FIXED-LENGTH DATA ELEMENTS
- fixed length control field: 250624|| aca||aabn | a|a d
040 ## - CATALOGING SOURCE
- Original cataloging agency: dpl
- Transcribing agency: dpl
100 ## - HEADING--PERSONAL NAME
- Personal name: Qasim, Seeme
670 ## - SOURCE DATA FOUND
- Source citation: Work cat.: (dpl)211924: Qasim, Seeme, Corona and Gulmohars/, 2023
